Get the Picture: An 'N' in Disney Quiz Stats

 Plays Quiz Updated Apr 13, 2020

Support Sporcle.
Go Orange.
Score 0/15 Timer 03:00
0 Plays Today
Question Answer Wrong Answers
Sings a portion of the Oscar winning song 'Can You Feel the Love Tonight' Nala
92%
Naveen
2.9%
Nick
0.7%
Voiced in a 2019 'live action' remake by Beyoncé Nala
89.5%
Naveen
3.1%
Nick
3.6%
Originally appeared in a film released to theaters in 1994 Nala
88.7%
Naveen
5.2%
Nick
2.3%
Is the same species as Tod, Honest John and Robin Hood Nick
86.4%
Nala
2.3%
Naveen
7%
Voiced by Moira Kelly Nala
85.2%
Naveen
3.3%
Nick
7.2%
Originally appeared in a film released to theaters in 2016 Nick
82.6%
Nala
2.3%
Naveen
11.1%
Voiced by Bruno Campos Naveen
82.5%
Nala
1.4%
Nick
11.8%
Only one of these characters that does not sing on film Nick
81.9%
Nala
6.9%
Naveen
7.1%
Only one of these characters to appear in both human and animal form Naveen
81.3%
Nala
5.5%
Nick
8.9%
Based on a Brothers Grimm fairy tale and a novel by E.D. Baker Naveen
79.8%
Nala
5.1%
Nick
11%
Voiced by Jason Bateman Nick
76.5%
Nala
1.8%
Naveen
17.9%
Sings a portion of the song 'When We're Human' Naveen
74.5%
Nala
4.3%
Nick
17.2%
Originally appeared in a film released to theaters in 2009 Naveen
74%
Nala
6.7%
Nick
15.6%
Sings the song 'Shadowland' in the Broadway musical version of the original film Nala
57.3%
Naveen
33.5%
Nick
5.3%
Only one of these characters who appeared a film that won the Academy Award for Best Animated Feature Nick
24.4%
Nala
67%
Naveen
4.7%

Today's Daily Dose

Word Ladder
ELT Words

You're not logged in!

Compare scores with friends on all Sporcle quizzes.
OR
Log In

From the Vault

New England States by Population

by petenge

Wait, there's a NEW England now?
Remove Ads.
Support Sporcle.
Get the best of Sporcle when you Go Orange. This ad-free experience offers more features, more stats, and more fun while also helping to support Sporcle. Thank you for becoming a member.

Show Comments

Extras

Top Quizzes Today


Score Distribution

Your Account Isn't Verified!

In order to create a playlist on Sporcle, you need to verify the email address you used during registration. Go to your Sporcle Settings to finish the process.

Report this User

Report this user for behavior that violates our Community Guidelines.

Details: